La orientación profesional y la escuela / (Record no. 42980)

MARC details
000 -CABECERA
campo de control de longitud fija 00744nam a2200205 a 4500
005 - FECHA Y HORA DE LA ÚLTIMA TRANSACCIÓN
campo de control 20240615063639.0
008 - ELEMENTOS DE LONGITUD FIJA--INFORMACIÓN GENERAL
campo de control de longitud fija 991125s1920 es 000 0 spa u
035 ## - NÚMERO DE CONTROL DEL SISTEMA
Número de control de sistema UPN01000042980
049 ## - COLECCIÓN
Colección CE
050 #4 - SIGNATURA TOPOGRÁFICA DE LA BIBLIOTECA DEL CONGRESO
Número de clasificación LB1027.5
Número de documento/Ítem P7.3
100 0# - ASIENTO PRINCIPAL--NOMBRE PERSONAL
Nombre de persona Altea,
Títulos y otros términos asociados al nombre conde de,
Fechas asociadas al nombre 1901-
9 (RLIN) 30702
245 13 - MENCIÓN DE TÍTULO
Título La orientación profesional y la escuela /
Mención de responsabilidad, etc. por el Conde de Altea.
260 ## - PUBLICACIÓN, DISTRIBUCIÓN, ETC.
Lugar de publicación, distribución, etc. Madrid :
Nombre del editor, distribuidor, etc. La Lectura,
Fecha de publicación, distribución, etc. [192-].
300 ## - DESCRIPCIÓN FÍSICA
Extensión 53 p.
440 #0 - MENCIÓN DE SERIE/ASIENTO SECUNDARIO--TÍTULO
Título Ciencia y educación.
Nombre de parte o sección de la obra Folletos
501 ## - NOTA DE "CON"
Nota de “Con” Con: La pratique de l'orientation : une annés de fonctionnement á l'office populaire d'O.P
650 #4 - ASIENTO SECUNDARIO DE MATERIA - TERMINO TEMATICO
Término de materia o nombre geográfico como elemento de entrada Orientación vocacional
9 (RLIN) 5
740 3# - ASIENTO SECUNDARIO - TÍTULOS RELACIONADOS /ANALITICOS NO CONTROLADOS
Título relacionado o analítico no controlado La pratique de l'orientation : une annés de fonctionnement á l'office populaire d'O.P
905 ## - TIPO DE MATERIAL
Tipo de material Libro
Holdings
Estado de retiro Estado de pérdida Fuente del sistema de clasificación o colocación Estado dañado No para préstamo Código de colección Localización permanente Ubicación/localización actual Ubicación en estantería Fecha de adquisición Clasificación Código de barras Fecha visto por última vez Número de copia Tipo de ítem Koha
    Library of Congress Classification   Disponible (Previa cita) Fondo Reservado de libros Bib. Gregorio Torres Quintero Bib. Gregorio Torres Quintero Sala de Fondos Reservados Planta alta 18/11/2022 LB1027.5 P7.3 1163 31/12/2020 1 Libro